00560nam a22001577a 4500003000400000082001600004100001800020245015200038260003500190300000700225650001600232653000800248942001200256952011700268999001700385SGT a617.3bS21T aTAXAK, NAVEEN aA study to Assess the Postoperative Functional outcome in Patients treated by Cemented Bipolar Prosthesis for Intra Capsular Fracture Neck of Femur aGURUGRAMbSGT UNIVERSITYc2021 a94 aORTHOPEDICS aM.S 2ddccTH 00102ddc4051718MEDICALaFMbFMcREFd2024-06-21l0o617.3 S21TpDT1706r2024-06-21 00:00:00w2024-06-21yTH c26493d26493